| 000 | 00541nam a2200181Ia 4500 | ||
|---|---|---|---|
| 008 | 140626s9999 xx 000 0 und d | ||
| 100 | _aRafferty, Alannah. | ||
| 245 |
_aChange readiness : _b a multilevel review / _cAlannah Rafferty ... [et al.]. |
||
| 260 | _cc2013. | ||
| 300 | _a39 : 1, page 110 | ||
| 440 | _aJournal of Management | ||
| 521 | _aBSBA | ||
| 650 | _aAntecedents of change readiness. | ||
| 650 | _aMultilevel framework. | ||
| 650 | _aOutcomes of change readiness. | ||
| 650 | _aReadiness for change. | ||
| 942 | _cSE | ||
| 999 |
_c121006 _d121006 |
||